<?xml version="1.0" encoding="UTF-8"?>
<collection xmlns="http://www.loc.gov/MARC21/slim">
 <record>
  <leader>00918cam a2200289 7i4500</leader>
  <controlfield tag="001">0000057536</controlfield>
  <controlfield tag="005">20200904090000.0</controlfield>
  <controlfield tag="007">  Monographs</controlfield>
  <controlfield tag="008">200904                 eng</controlfield>
  <datafield tag="020" ind1=" " ind2=" ">
   <subfield code="a">9789353063115 (pbk.) </subfield>
  </datafield>
  <datafield tag="090" ind1="0" ind2="0">
   <subfield code="a">RC454 </subfield>
   <subfield code="b">NEV 2019</subfield>
  </datafield>
  <datafield tag="100" ind1="1" ind2="0">
   <subfield code="a">Nevid, Jeffrey S. </subfield>
   <subfield code="e">author </subfield>
  </datafield>
  <datafield tag="245" ind1="1" ind2="0">
   <subfield code="a">Abnormal psychology in a changing world  </subfield>
   <subfield code="c">Jeffrey S. Nevid, Spencer A. Rathus and Beverly Greene.</subfield>
  </datafield>
  <datafield tag="250" ind1="0" ind2="0">
   <subfield code="a">Tenth Edition.</subfield>
  </datafield>
  <datafield tag="264" ind1=" " ind2="4">
   <subfield code="a">♭2019.</subfield>
  </datafield>
  <datafield tag="264" ind1=" " ind2="1">
   <subfield code="a">Uttar Pradesh, India: </subfield>
   <subfield code="b">Pearson, </subfield>
   <subfield code="c">2019.</subfield>
  </datafield>
  <datafield tag="300" ind1=" " ind2=" ">
   <subfield code="a">xvii, 668 pages: </subfield>
   <subfield code="b">illustrations: </subfield>
   <subfield code="b">25 cm.</subfield>
  </datafield>
  <datafield tag="336" ind1=" " ind2=" ">
   <subfield code="a">text</subfield>
   <subfield code="2">rdacontent</subfield>
  </datafield>
  <datafield tag="337" ind1=" " ind2=" ">
   <subfield code="a">unmediated</subfield>
   <subfield code="2">rdamedia</subfield>
  </datafield>
  <datafield tag="338" ind1=" " ind2=" ">
   <subfield code="a">volume</subfield>
   <subfield code="2">rdacarrier</subfield>
  </datafield>
  <datafield tag="501" ind1="0" ind2="0">
   <subfield code="a">BBUS-PSYC</subfield>
  </datafield>
  <datafield tag="504" ind1="0" ind2="0">
   <subfield code="a">Include bibliographical references and index</subfield>
  </datafield>
  <datafield tag="650" ind1="0" ind2="0">
   <subfield code="a">Psychology, Pathological </subfield>
  </datafield>
  <datafield tag="650" ind1="0" ind2="0">
   <subfield code="a">Psychiatry </subfield>
  </datafield>
  <datafield tag="700" ind1="1" ind2="1">
   <subfield code="a">Rathus, </subfield>
   <subfield code="h">Spencer A. </subfield>
  </datafield>
  <datafield tag="700" ind1="1" ind2="1">
   <subfield code="a">Greene, </subfield>
   <subfield code="h">Beverly </subfield>
  </datafield>
  <datafield tag="856" ind1=" " ind2=" ">
   <subfield code="u">http://www.booksae.com</subfield>
  </datafield>
 </record>
</collection>
